000
00319nam a22001457a 4500
020
_a
978-8486882405
041
_a
ENG
100
_a
Singh R. J
245
_a
Watershed Planning And Managemnt
250
_a
Third
260
_a
jaipur
_b
Yash Pub House
_c
2016
300
_a
644
650
_a
SWCE
856
_u
SWCE ( 06 )
999
_c
185
_d
185